000 00722nam a2200217 a 4500
999 _c11025
_d11025
001 11025
003 BD-JhCC
005 20190725143713.0
008 190625s2013 bg |||| |||| 000 0 ben d
020 _a9847014900428
035 _a(BD-JhCC)11025
040 _aBD-JhCC
_dBD-JhCC
041 _aben
082 _a158.1
_bHUS 2013
100 _aহুসাইন, এস. এম. জাকির
245 _aসফলতা অর্জনের বিজ্ঞান /
_cএস. এম. জাকির হুসাইন,
260 _aঢাকা :
_bরোহেল পাবলিকেশন্স,
_c২০১৩.
300 _a৮০ পৃ. :
_c২১ সেমি.
650 _aSuccess
942 _2ddc
_cBK